El destino de la carne / (Record no. 19113)

MARC details
000 -LEADER
campo de control de longitud fija 00704nam a2200241 i 4500
001 - NÚMERO DE CONTROL
campo de control 19113
003 - IDENTIFICADOR DE NÚMERO DE CONTROL
campo de control ES-MaACL
005 - FECHA Y HORA DE LA ÚLTIMA TRANSACCIÓN
campo de control 20250907063034.0
007 - CAMPO FIJO DE DESCRIPCIÓN FÍSICA--INFORMACIÓN GENERAL
campo de control de longitud fija t|
008 - DATOS DE LONGITUD FIJA--INFORMACIÓN GENERAL
campo de control de longitud fija 020517s2001 sp ||||1| spa d
020 ## - NÚMERO INTERNACIONAL ESTÁNDAR DEL LIBRO
Número Internacional Estándar del Libro 84-8428-108-6
080 ## - NÚMERO DE LA CLASIFICACIÓN DECIMAL UNIVERSAL
Número de la Clasificación Decimal Universal 821.111-31"18"
100 1# - ENTRADA PRINCIPAL--NOMBRE DE PERSONA
Nombre de persona Butler, Samuel,
Fechas asociadas al nombre 1835-1902
9 (RLIN) 156028
245 13 - MENCIÓN DEL TÍTULO
Título El destino de la carne /
Mención de responsabilidad, etc. Samuel Butler ; traducción Juan Jesús Zaro.
250 ## - MENCION DE EDICION
Mención de edición 1ª ed.
260 ## - PUBLICACIÓN, DISTRIBUCIÓN, ETC.
Lugar de publicación, distribución, etc. Barcelona :
Nombre del editor, distribuidor, etc. Alba,
Fecha de publicación, distribución, etc. 2001.
300 ## - DESCRIPCIÓN FÍSICA
Extensión 559 p. ;
Dimensiones 21 cm.
490 1# - MENCIÓN DE SERIE
Mención de serie Alba clásica ;
Designación de volumen o secuencia 52
700 1# - ENTRADA AGREGADA--NOMBRE PERSONAL
Nombre de persona Zaro, Juan Jesús.
9 (RLIN) 118080
830 0# - PUNTO DE ACCESO ADICIONAL DE SERIE-TÍTULO UNIFORME
Título uniforme Alba clásica ;
Designación de volumen o secuencia 52
9 (RLIN) 179792
852 ## - LOCALIZACIÓN
Ubicación ES-MaACL
Número de control de estantería L-25520
Sublocalización o colección R.130773
Holdings
Estatus retirado Estado de pérdida Estado de daño No para préstamo Biblioteca de origen Biblioteca actual Ubicación en estantería Fecha de adquisición Fuente de adquisición Total de préstamos Signatura topográfica completa Código de barras Visto por última vez Precio de reemplazo Tipo de ítem Koha
        Biblioteca del Ateneo de Madrid Biblioteca del Ateneo de Madrid Depósito 2 17/01/2008     L-25520 1019557 23/02/2023 23/02/2023 Libro impreso